Govt. of
Madhya Pradesh

The Sundarbans (Record no. 14784)

MARC details
000 -LEADER
fixed length control field 004860000a22001930004500
001 - CONTROL NUMBER
control field 002876
003 - CONTROL NUMBER IDENTIFIER
control field MACL
005 - DATE AND TIME OF LATEST TRANSACTION
control field 20151004153616.0
008 - FIXED-LENGTH DATA ELEMENTS--GENERAL INFORMATION
fixed length control field 151004b xxu||||| |||| 00| 0 eng d
040 ## - CATALOGING SOURCE
Original cataloging agency MACL
Transcribing agency MACL
041 ## - LANGUAGE CODE
Language code of text/sound track or separate title English
082 ## - DEWEY DECIMAL CLASSIFICATION NUMBER
Classification number 910/MAN
100 ## - MAIN ENTRY--PERSONAL NAME
Personal name Mandal, Aparna
9 (RLIN) 13740
245 ## - TITLE STATEMENT
Title The Sundarbans
Remainder of title An Ecological History
Statement of responsibility, etc. Aparna Mandal
260 ## - PUBLICATION, DISTRIBUTION, ETC. (IMPRINT)
Place of publication, distribution, etc. Kolkata
Date of publication, distribution, etc. 2008
Name of publisher, distributor, etc. Readers services,
350 ## - PRICE (NR) (BK AM CF MU VM SE) [OBSOLETE]
Price 400
650 ## - SUBJECT ADDED ENTRY--TOPICAL TERM
Topical term or geographic name as entry element Geography
9 (RLIN) 13741
942 ## - ADDED ENTRY ELEMENTS (KOHA)
Call number prefix 910
Koha item type Books
Source of classification or shelving scheme
Holdings
Withdrawn status Lost status Source of classification or shelving scheme Damaged status Not for loan Home library Current library Date acquired Cost, normal purchase price Total Checkouts Full call number Barcode Date last seen Uniform Resource Identifier Price effective from Koha item type
          MACL MACL 15/04/2015 400.00   910/MAN CRE021091 02/05/2024 14671 15/04/2015 Books